000 00737nam a2200205Ia 4500
003 GCL
008 140319s9999 xx 000 0 ara d
040 _aGCL /
_cGCL
082 0 4 _a953.02
_bع ت
100 1 _aعبدالمنعم ماجد
245 1 0 _aالتاريخ السياسى للدولة العربية : عصور الجاهلية والنبوة والخلفاء الراشدين /
_cعبدالمنعم ماجد
260 _a[S.N] :
_bمكتبة الانجلوالمصرية ،
_c1982
300 _a272 ص
490 _a
650 0 4 _aالعصر الجاهلى
650 0 4 _aالتاريخ الاسلامى
650 0 4 _aالحضارة الاسلامية
650 0 4 _aالخلفاء الراشدون
942 _2ddc
_cBK
999 _c31771
_d31771